Подробности
| 000 -МАРКЕР |
| контрольное поле |
02076nam0a2200361 4500 |
| 001 - ИДЕНТИФИКАТОР ЗАПИСИ |
| контрольное поле |
RU\NLR\bibl\1900304 |
| 005 - ИДЕНТИФИКАТОР ВЕРСИИ |
| контрольное поле |
20260607071411.0 |
| 010 ## - МЕЖДУНАРОДНЫЙ СТАНДАРТНЫЙ НОМЕР КНИГИ (ISBN) |
| Номер (ISBN) |
978-5-93898-357-1 |
| Тираж |
1150 |
| 021 ## - НОМЕР ГОСУДАРСТВЕННОЙ РЕГИСТРАЦИИ |
| Код страны |
Российская Федерация |
| Номер |
2012-28103 |
| Номер Листа государственной регистраци |
2091 |
| 035 ## - ДРУГИЕ СИСТЕМНЫЕ НОМЕРА |
| Идентификатор записи |
(NLR Aleph) 001889942 |
| 100 ## - ДАННЫЕ ОБЩЕЙ ОБРАБОТКИ |
| Данные общей обработки |
20120504d2012 |||y0rusy50 ca |
| 101 0# - ЯЗЫК РЕСУРСА |
| Язык текста, звукозаписи и т.д. |
русский |
| 102 ## - СТРАНА ПУБЛИКАЦИИ ИЛИ ПРОИЗВОДСТВА |
| Страна публикации |
Российская Федерация |
| 105 ## - ПОЛЕ КОДИРОВАННЫХ ДАННЫХ: ТЕКСТОВЫЕ МАТЕРИАЛЫ, МОНОГРАФИЧЕСКИЕ |
| Кодированные данные о монографическом текстовом документе |
a ||||||||| |
| 200 1# - ЗАГЛАВИЕ И СВЕДЕНИЯ ОБ ОТВЕТСТВЕННОСТИ |
| Основное заглавие |
Записки из подполья |
| -- |
Игрок |
| Сведения, относящиеся к заглавию |
роман (Из записок молодого человека) |
| Первые сведения об ответственности |
Федор Достоевский |
| Последующие сведения об ответственности |
[примеч. Б.Н. Тихомирова] |
| -- |
54 ил. Александра Алексеева |
| 210 ## - ПУБЛИКАЦИЯ, РАСПРОСТРАНЕНИЕ И ДР. |
| Место издания, распространения и т.д. |
Санкт-Петербург |
| Имя издателя, распространителя и т. д. |
Вита Нова |
| Дата издания, распространения и т.д. |
2012 |
| 215 ## - ФИЗИЧЕСКАЯ ХАРАКТЕРИСТИКА |
| Специфическое обозначение материала и объем |
508, [2] с. |
| Другие сведения о физической характеристике |
ил., портр. |
| Размеры |
25 |
| 225 1# - СЕРИЯ |
| Основное заглавие серии |
Фамильная библиотека |
| Наименование части |
Парадный зал |
| 327 1# - ПРИМЕЧАНИЯ О СОДЕРЖАНИИ |
| Текст примечания |
В прил.: Герои Достоевского в подполье и за рулеткой. Письма Ф.М. Достоевского (1863-1865) / Б. Тихомиров. Александр Алексеев: очерк творчества / А. Дмитренко. Игольчатый экран / К. Паркер |
| 604 ## - ИМЯ И ЗАГЛАВИЕ КАК ПРЕДМЕТ |
| Связываемые данные |
200#1$aАлексеев$bА.А.$gАлександр Александрович$f1901 - 1982 |
| -- |
2351#$aКнижные иллюстрации |
| Имя лица |
Алексеев, Александр Александрович (1901 - 1982) |
| Заглавие |
Книжные иллюстрации |
| Идентификатор авторитетной/нормативной записи |
RU\NLR\AUTH\661554694 |
| Системный номер авторитетной/нормативной записи |
2618134 |
| 686 ## - ИНДЕКСЫ ДРУГИХ КЛАССИФИКАЦИЙ |
| Индекс |
Ш6(2=Р)52-4 |
| 686 ## - ИНДЕКСЫ ДРУГИХ КЛАССИФИКАЦИЙ |
| Индекс |
Щ153(4Фр)6-8Алексеев475 |
| 700 #1 - ИМЯ ЛИЦА - ПЕРВИЧНАЯ ОТВЕТСТВЕННОСТЬ |
| Код отношения |
Автор |
| Графика поля |
Кириллица |
| Материалы, к которым относится поле |
rus |
| Начальный элемент ввода |
Достоевский |
| Часть имени, кроме начального элемента ввода |
Ф. М. |
| Даты |
1821-1881 |
| Расширение инициалов личного имени |
Федор Михайлович |
| Системный номер авторитетной/нормативной записи |
110876 |
| Идентификатор авторитетной/нормативной записи |
RU\NLR\auth\77838 |
| 702 #1 - ИМЯ ЛИЦА - ВТОРИЧНАЯ ОТВЕТСТВЕННОСТЬ |
| Код отношения |
Иллюстратор |
| Графика поля |
Кириллица |
| Материалы, к которым относится поле |
rus |
| Начальный элемент ввода |
Алексеев |
| Часть имени, кроме начального элемента ввода |
А. А. |
| Дополнения к именам, кроме дат |
художник, иллюстратор |
| Даты |
1901-1982 |
| Расширение инициалов личного имени |
Александр Алексеевич |
| Системный номер авторитетной/нормативной записи |
46111 |
| Идентификатор авторитетной/нормативной записи |
RU\NLR\AUTH\7763181 |
| 801 #0 - ИСТОЧНИК ЗАПИСИ |
| Страна |
Российская Федерация |
| Организация |
NLR |
| Дата составления |
20120504 |
| Правила каталогизации |
RCR |
| 801 #1 - ИСТОЧНИК ЗАПИСИ |
| Страна |
Российская Федерация |
| Организация |
NLR |
| Дата составления |
20120504 |
| 942 ## - ДОПОЛНИТЕЛЬНЫЕ ЭЛЕМЕНТЫ ЗАПИСИ (АБИС) |
| Тип экземпляра АБИС |
Книга |
| 980 ## - КОЛЛЕКЦИЯ |
| Название коллекции |
НБР |
| 980 ## - КОЛЛЕКЦИЯ |
| Название коллекции |
Национальная библиография |